000 01224nam a22003497a 4500
003 CHAP
005 20220329140042.0
008 971013s1941 r 00010 d
010 _a46260
011 _a47232
035 _a51374
040 _cCHAP
082 _a633.5
_bU5
100 0 0 _aUnión Panamericana. Oficina de Cooperación Agrícola.
_9116261
245 _aFibras vegetales y su producción en América
260 _aWashington :
_bLa Unión,
_c1941
300 _a101 p.
_b: ilus.
490 _aPublicación agrícola
_v; 137-140
590 _aBATCH-UPD
_b10
_c20130110
_lUCH01
_h0035
590 _aBATCH-UPD
_b10
_c20130110
_lUCH01
_h2214
590 _aBATCH-UPD
_b10
_c20130409
_lUCH01
_h2018
590 _aBATCH-UPD
_b10
_c20130410
_lUCH01
_h1516
590 _aBATCH-UPD
_b10
_c20130914
_lUCH01
_h1406
590 _aCONVERSION
_b10
_c20130109
_lUCH01
_h1325
650 1 4 _aFibras.
_940693
830 0 _aPublicación agrícola
_v; 137-140
_992750
901 _aBK
942 _cLIBRO
949 _a633.5 U5
_bBC
_cLIBRO
_d33724000218657
_eLIBRO
_fc.3
_h31874
_i51374
_si
949 _a633.5 U5
_bBC
_cLIBRO
_d33724000218665
_eLIBRO
_fc.2
_h22683
_i51374
_si
949 _a633.5 U5
_bBC
_cLIBRO
_d33724000218673
_eLIBRO
_h22684
_i51374
_si
999 _c46260
_d46260